<?xml version="1.0" encoding="UTF-8"?>
<record
    xmlns:xsi="http://www.w3.org/2001/XMLSchema-instance"
    xsi:schemaLocation="http://www.loc.gov/MARC21/slim http://www.loc.gov/standards/marcxml/schema/MARC21slim.xsd"
    xmlns="http://www.loc.gov/MARC21/slim">

  <leader>01857nam a2200301 a 4500</leader>
  <controlfield tag="003">DO-SdBNP</controlfield>
  <controlfield tag="005">20220802094942.0</controlfield>
  <controlfield tag="007">ta</controlfield>
  <controlfield tag="008">220726e2012    dr ao||frt||| 001 0 spa d</controlfield>
  <datafield tag="040" ind1=" " ind2=" ">
    <subfield code="a">DO-SdBNP</subfield>
    <subfield code="b">spa</subfield>
    <subfield code="c">BNPHU</subfield>
  </datafield>
  <datafield tag="082" ind1=" " ind2="4">
    <subfield code="2">22</subfield>
    <subfield code="b">M533f</subfield>
  </datafield>
  <datafield tag="110" ind1="2" ind2=" ">
    <subfield code="9">52996</subfield>
    <subfield code="a">Gabinete Social (Rep&#xFA;blica Dominicana)</subfield>
    <subfield code="b">Sistema &#xDA;nico de Beneficiarios SIUBEN</subfield>
  </datafield>
  <datafield tag="245" ind1="1" ind2="0">
    <subfield code="a">Memoria fotogr&#xE1;fica del 2do. estudio socioecon&#xF3;mico de hogares pobres 2001-2012. /</subfield>
    <subfield code="c">Editor, Rosa Borg Gil; Fotograf&#xED;a, Nehem&#xED;as Alvino...[et. al.]</subfield>
  </datafield>
  <datafield tag="260" ind1=" " ind2=" ">
    <subfield code="a">[Santo Domingo] :</subfield>
    <subfield code="b">SIUBEN,</subfield>
    <subfield code="c">2012</subfield>
  </datafield>
  <datafield tag="300" ind1=" " ind2=" ">
    <subfield code="a">39 p. :</subfield>
    <subfield code="b">il., fotrgr. ;</subfield>
    <subfield code="c">25 cm.</subfield>
  </datafield>
  <datafield tag="505" ind1=" " ind2=" ">
    <subfield code="t">1. Transparencia en la Selecci&#xF3;n de las Organizaciones de la Sociedad civil.--</subfield>
    <subfield code="t">2. Preparaci&#xF3;n T&#xE9;cnica para la Incorporaci&#xF3;n de la Tecnolog&#xED;a con Dispositivo M&#xF3;vil.--</subfield>
    <subfield code="t">3. Estrategia de Comunicaci&#xF3;n y Campa&#xF1;a de Sensibilizaci&#xF3;n.--</subfield>
    <subfield code="t">4. Reclutamiento, Selecci&#xF3;n y Capacitaci&#xF3;n de los Entrevistadores y T&#xE9;cnico.--</subfield>
    <subfield code="t">5. Preparaci&#xF3;n Log&#xED;stica.--</subfield>
    <subfield code="t">6. Recolecci&#xF3;n de Informaci&#xF3;n en los Hogares.--</subfield>
    <subfield code="t">7. Visitas de Organismos Internacionales.--</subfield>
    <subfield code="t">8. Centros de Revisi&#xF3;n para Seguimiento y Control de la Calidad.--</subfield>
    <subfield code="t">9. Procesamiento y An&#xE1;lisis de la Informaci&#xF3;n.--</subfield>
    <subfield code="t">10. Seguimiento y Evaluaci&#xF3;n al Desempe&#xF1;o del Estudio.</subfield>
  </datafield>
  <datafield tag="590" ind1=" " ind2=" ">
    <subfield code="a">Inventariado 2022 / MF</subfield>
  </datafield>
  <datafield tag="650" ind1=" " ind2="4">
    <subfield code="9">82132</subfield>
    <subfield code="a">Sistema &#xDA;nico de Beneficiarios</subfield>
    <subfield code="x">Memorias e informes</subfield>
    <subfield code="z">Rep&#xFA;blica Dominicana</subfield>
  </datafield>
  <datafield tag="650" ind1=" " ind2="4">
    <subfield code="a">Instituciones p&#xFA;blicas</subfield>
    <subfield code="x">Memorias e informes</subfield>
    <subfield code="z">Rep&#xFA;blica Dominicana</subfield>
    <subfield code="9">82134</subfield>
  </datafield>
  <datafield tag="651" ind1=" " ind2="4">
    <subfield code="a">Rep&#xFA;blica Dominicana</subfield>
    <subfield code="v">Administraci&#xF3;n P&#xFA;blica</subfield>
    <subfield code="x">Memorias E Informes</subfield>
    <subfield code="9">82135</subfield>
  </datafield>
  <datafield tag="700" ind1="1" ind2=" ">
    <subfield code="a"> Borg Gil, Rosa </subfield>
    <subfield code="e">ed.</subfield>
    <subfield code="9">82090</subfield>
  </datafield>
  <datafield tag="700" ind1="1" ind2=" ">
    <subfield code="a">Alvino, Nehem&#xED;as</subfield>
    <subfield code="e">fot.</subfield>
    <subfield code="9">82091</subfield>
  </datafield>
  <datafield tag="700" ind1="1" ind2=" ">
    <subfield code="a">Espiritusanto, Jos&#xE9; Enr&#xED;quez</subfield>
    <subfield code="e">fot.</subfield>
    <subfield code="9">82092</subfield>
  </datafield>
  <datafield tag="700" ind1="1" ind2=" ">
    <subfield code="9">52083</subfield>
    <subfield code="a">&#xC1;lvarez, Carlos</subfield>
    <subfield code="e">fot.</subfield>
  </datafield>
  <datafield tag="700" ind1="1" ind2=" ">
    <subfield code="9">43350</subfield>
    <subfield code="a">P&#xE9;rez, Ra&#xFA;l</subfield>
    <subfield code="e">fot.</subfield>
  </datafield>
  <datafield tag="910" ind1=" " ind2=" ">
    <subfield code="a">MFeliz</subfield>
  </datafield>
  <datafield tag="942" ind1=" " ind2=" ">
    <subfield code="2">ddc</subfield>
    <subfield code="c">LF2</subfield>
  </datafield>
  <datafield tag="952" ind1=" " ind2=" ">
    <subfield code="0">0</subfield>
    <subfield code="1">0</subfield>
    <subfield code="2">ddc</subfield>
    <subfield code="5">1</subfield>
    <subfield code="7">0</subfield>
    <subfield code="8">PD</subfield>
    <subfield code="a">BNPHU</subfield>
    <subfield code="b">BNPHU</subfield>
    <subfield code="c">CT</subfield>
    <subfield code="d">2018-07-26</subfield>
    <subfield code="e">Donado por CERTV</subfield>
    <subfield code="l">0</subfield>
    <subfield code="o">M533f</subfield>
    <subfield code="p">2022-3561</subfield>
    <subfield code="r">2022-07-26</subfield>
    <subfield code="w">2022-07-26</subfield>
    <subfield code="y">LF2</subfield>
  </datafield>
  <datafield tag="999" ind1=" " ind2=" ">
    <subfield code="c">52230</subfield>
    <subfield code="d">52230</subfield>
  </datafield>
</record>
